[Event "Ïåðâåíñòâî Ìîñêâû ïî øàõìàòàì"]
[Site "Ìîñêâà, ÌÃÈÌÎ ïð. Âåðíàäñêîãî,"]
[Date "2018.11.21"]
[Round "5.13"]
[White "Avetisyan, David"]
[Black "Savichev, Ivan"]
[Result "1/2-1/2"]
[WhiteElo "1254"]
[BlackElo "1453"]
[PlyCount "114"]
[EventDate "2018.11.18"]

1. c4 e5 2. Nc3 Nf6 3. Nf3 Nc6 4. e3 d5 5. cxd5 Nxd5 6. Bb5 Nxc3 7. bxc3 Bd7 8.
O-O Bd6 9. d4 exd4 10. cxd4 O-O 11. h3 a6 12. Ba4 Ne7 13. Bxd7 Qxd7 14. e4 Ng6
15. e5 Be7 16. Re1 Rad8 17. Be3 Qd5 18. Qc2 c6 19. Rad1 f6 20. exf6 Bxf6 21.
Rb1 Rf7 22. Rb3 Nh4 23. Nxh4 Bxh4 24. Reb1 Rdd7 25. R1b2 Bf6 26. Qc5 Qxc5 27.
dxc5 Rd1+ 28. Kh2 Be5+ 29. g3 Bxb2 30. Rxb2 Rfd7 31. Kg2 Kf7 32. Kf3 Ra1 33.
Ke4 a5 34. h4 a4 35. Bf4 a3 36. Rc2 Re1+ 37. Be3 Ra1 38. Bd4 Re1+ 39. Be3 Rb1
40. Rc3 Rb4+ 41. Kf3 Ra4 42. Ke2 Re7 43. Rb3 Ra5 44. Kd3 Rd7+ 45. Ke2 Ra4 46.
Ke1 Re7 47. Kd2 Ke6 48. Ke2 Kd7 49. Rxb7+ Ke6 50. Rb3 Kd5 51. Kd3 Ree4 52. Kc3
Rec4+ 53. Kd2 Rcb4 54. Rd3+ Ke5 55. Kc3 Rb2 56. Bc1 Rxa2 57. Kb3 Ra1 1/2-1/2

[Event "Ïåðâåíñòâî Ìîñêâû ïî øàõìàòàì"]
[Site "Ìîñêâà, ÌÃÈÌÎ ïð. Âåðíàäñêîãî,"]
[Date "2018.11.21"]
[Round "5.14"]
[White "Kolobov, Dmitriy"]
[Black "Shadyev, Damir"]
[Result "1/2-1/2"]
[WhiteElo "1484"]
[BlackElo "1250"]
[PlyCount "64"]
[EventDate "2018.11.18"]

1. d4 Nf6 2. Nf3 g6 3. c4 Bg7 4. Nc3 O-O 5. e4 d6 6. Be2 Nbd7 7. O-O e5 8. d5
Nc5 9. Qc2 a5 10. Bg5 Bd7 11. b3 Qc8 12. Rfe1 Nh5 13. Bf1 f5 14. Nd2 Nf4 15. f3
fxe4 16. Ndxe4 Bf5 17. Qd2 Nxe4 18. Nxe4 Qd7 19. Bh4 Rae8 20. Bf2 b6 21. Be3
Qf7 22. Bd3 Nxd3 23. Qxd3 h6 24. Qd2 g5 25. Rf1 Qg6 26. Ng3 Rf7 27. Rf2 Ref8
28. Raf1 Bd3 29. Rd1 Bf5 30. Rdf1 Bd3 31. Rd1 Bf5 32. Rdf1 Bd3 1/2-1/2

[Event "Ïåðâåíñòâî Ìîñêâû ïî øàõìàòàì"]
[Site "Ìîñêâà, ÌÃÈÌÎ ïð. Âåðíàäñêîãî,"]
[Date "2018.11.21"]
[Round "5.15"]
[White "Tetyuev, Stepan"]
[Black "Matygin, Fedor"]
[Result "0-1"]
[WhiteElo "1431"]
[BlackElo "1242"]
[PlyCount "96"]
[EventDate "2018.11.18"]

1. e4 d6 2. d4 Nf6 3. Nc3 c6 4. Bd3 Nbd7 5. Nf3 e6 6. Be3 Be7 7. Qd2 Nb6 8. Bg5
h6 9. Bf4 d5 10. e5 Nfd7 11. O-O c5 12. dxc5 Nxc5 13. Bb5+ Bd7 14. Nd4 Bxb5 15.
Ndxb5 Nc4 16. Qc1 a6 17. Nd4 Nd7 18. Re1 Bc5 19. Nb3 Bb6 20. Nd2 Nxd2 21. Qxd2
Ba5 22. Qd4 Rc8 23. Bd2 Rc4 24. Qd3 Qc7 25. Qg3 g6 26. Rad1 d4 27. Ne4 Bxd2 28.
Rxd2 Rxc2 29. Nd6+ Kf8 30. Rxd4 Kg7 31. Qf4 Rf8 32. Red1 Nb6 33. R4d2 Nd5 34.
Qg4 b5 35. h4 Qc5 36. a3 Ne3 37. Qe2 Rxd2 38. Qxd2 Nxd1 39. Qxd1 Qxe5 40. b4
Rd8 41. Nf5+ exf5 42. Qxd8 Qe1+ 43. Kh2 Qxf2 44. Qd6 Qxh4+ 45. Kg1 Qf6 46. Qd3
Qe5 47. Kh1 f4 48. Kg1 Qe3+ 0-1

[Event "Ïåðâåíñòâî Ìîñêâû ïî øàõìàòàì"]
[Site "Ìîñêâà, ÌÃÈÌÎ ïð. Âåðíàäñêîãî,"]
[Date "2018.11.21"]
[Round "5.16"]
[White "Asatryan, Leon"]
[Black "Urusov, German"]
[Result "1-0"]
[WhiteElo "1618"]
[BlackElo "1331"]
[PlyCount "55"]
[EventDate "2018.11.18"]

1. d4 d5 2. Nf3 Nf6 3. g3 Bf5 4. Bg2 e6 5. c4 c6 6. Qb3 Qb6 7. c5 Qa6 8. O-O
Nbd7 9. Re1 b6 10. cxb6 axb6 11. Nc3 Be7 12. Nh4 Bg6 13. Nxg6 hxg6 14. e4 O-O
15. exd5 Nxd5 16. Nxd5 cxd5 17. Bxd5 Ra7 18. Bc4 Qa5 19. Bf4 Rd8 20. d5 Nc5 21.
Qf3 exd5 22. Bxd5 Nd3 23. Qxd3 Rxd5 24. Qe4 Rad7 25. a3 Qa8 26. Rad1 Qb7 27.
Rxd5 Rxd5 28. Qxe7 1-0

[Event "Ïåðâåíñòâî Ìîñêâû ïî øàõìàòàì"]
[Site "Ìîñêâà, ÌÃÈÌÎ ïð. Âåðíàäñêîãî,"]
[Date "2018.11.21"]
[Round "5.17"]
[White "Samarov, Vladimir"]
[Black "Grunin, Denis"]
[Result "0-1"]
[WhiteElo "1272"]
[BlackElo "1415"]
[PlyCount "162"]
[EventDate "2018.11.18"]

1. d4 d5 2. c4 c6 3. cxd5 cxd5 4. Nc3 Nf6 5. Nf3 Nc6 6. Bf4 a6 7. Rc1 Bf5 8. e3
e6 9. Be2 Rc8 10. O-O Be7 11. Qb3 Qd7 12. Ne5 Nxe5 13. Bxe5 O-O 14. Na4 Rxc1
15. Rxc1 Rc8 16. Rxc8+ Qxc8 17. Qc3 Qxc3 18. Nxc3 Nd7 19. Bc7 Bb4 20. a4 Bc2
21. a5 Nf8 22. Kf1 Ng6 23. Ke1 Ne7 24. Bd1 Bxd1 25. Kxd1 Nc6 26. Na4 Bxa5 27.
Bxa5 Nxa5 28. Nc5 Kf8 29. Kc2 Ke7 30. Kc3 Kd6 31. b4 b6 32. Nxa6 Nc4 33. b5 Na3
34. Kb4 Nc2+ 35. Kc3 Na3 36. Kb4 Nb1 37. f3 Nd2 38. Kc3 Nc4 39. e4 Na3 40. Kb4
Nc2+ 41. Kc3 Ne1 42. e5+ Kd7 43. Kd2 Nxg2 44. Ke2 Nh4 45. Ke3 Nf5+ 46. Kd3 f6
47. Nb8+ Kc7 48. Nc6 Nh4 49. Ke3 Ng6 50. f4 Nh4 51. Kf2 Nf5 52. Kf3 Nh6 53. Na7
Nf7 54. Nc6 Nd8 55. Nb4 Nb7 56. f5 fxe5 57. dxe5 Kd7 58. Kf4 Nc5 59. f6 gxf6
60. exf6 Ke8 61. Ke5 Kf7 62. Nc6 Nd3+ 63. Kd4 Nb2 64. Ne5+ Kxf6 65. Nd7+ Ke7
66. Nxb6 Kd6 67. Nc8+ Kd7 68. Nb6+ Kd6 69. Nc8+ Kc7 70. Ne7 Kd7 71. Nxd5 exd5
72. Kxd5 Na4 73. Ke5 Ke7 74. Kf5 Kf7 75. h4 Nb6 76. h5 Na4 77. Kg5 Kg7 78. Kh4
Kf6 79. Kg4 h6 80. Kf4 Nb6 81. Kg4 Ke5 0-1

[Event "Ïåðâåíñòâî Ìîñêâû ïî øàõìàòàì"]
[Site "Ìîñêâà, ÌÃÈÌÎ ïð. Âåðíàäñêîãî,"]
[Date "2018.11.21"]
[Round "5.18"]
[White "Sarkisyan, Sarkis"]
[Black "Zatsepin, Egor"]
[Result "0-1"]
[WhiteElo "1327"]
[BlackElo "1191"]
[PlyCount "70"]
[EventDate "2018.11.18"]

1. e4 e5 2. Bc4 Nf6 3. d3 Bc5 4. Nf3 Nc6 5. c3 h6 6. Nbd2 O-O 7. O-O d5 8. exd5
Nxd5 9. Re1 Nf4 10. Ne4 Bd6 11. Bxf4 exf4 12. Nxd6 Qxd6 13. d4 Bg4 14. h3 Bh5
15. Be2 Rfe8 16. Qd3 Bg6 17. Qd2 Be4 18. Rad1 f5 19. Bc4+ Kh7 20. Nh2 Ne7 21.
f3 Bd5 22. Qd3 Bxc4 23. Qxc4 Nd5 24. Nf1 Kh8 25. Qd3 Qf6 26. c4 Nb4 27. Qd2 Nc6
28. d5 Rxe1 29. Rxe1 Ne5 30. Qc3 Re8 31. Nd2 Re7 32. Kh1 b6 33. b4 Ng4 34. Qc1
Nf2+ 35. Kh2 Nd3 0-1

[Event "Ïåðâåíñòâî Ìîñêâû ïî øàõìàòàì"]
[Site "Ìîñêâà, ÌÃÈÌÎ ïð. Âåðíàäñêîãî,"]
[Date "2018.11.21"]
[Round "5.19"]
[White "Razhbadinov, Rasul"]
[Black "Dneprov, Andrey"]
[Result "0-1"]
[WhiteElo "1529"]
[BlackElo "1344"]
[PlyCount "64"]
[EventDate "2018.11.18"]

1. e4 e5 2. Nf3 Nc6 3. Bc4 Nf6 4. d3 Bc5 5. c3 O-O 6. O-O Bb6 7. Re1 d6 8. Nbd2
Be6 9. Nf1 Bxc4 10. dxc4 Ne7 11. Bg5 Ng6 12. Nh4 h6 13. Nxg6 fxg6 14. Be3 Kh7
15. Bxb6 axb6 16. f3 Nh5 17. g3 Qf6 18. Kg2 Qg5 19. h4 Qe7 20. Ne3 c6 21. Qb3
g5 22. Nf5 Rxf5 23. exf5 gxh4 24. g4 Nf4+ 25. Kh2 h3 26. Qxb6 Qh4 27. Rf1 c5
28. Qxd6 Rd8 29. Qxd8 Qxd8 30. Rad1 Qh4 31. Rd2 Ng2 32. Rdf2 Ne3 0-1

[Event "Ïåðâåíñòâî Ìîñêâû ïî øàõìàòàì"]
[Site "Ìîñêâà, ÌÃÈÌÎ ïð. Âåðíàäñêîãî,"]
[Date "2018.11.21"]
[Round "5.20"]
[White "Panichkin, Aleksey"]
[Black "Iakushkov, Pavel"]
[Result "1/2-1/2"]
[WhiteElo "1233"]
[BlackElo "1656"]
[PlyCount "86"]
[EventDate "2018.11.18"]

1. e4 c5 2. Nf3 d6 3. d4 cxd4 4. Nxd4 Nf6 5. Nc3 g6 6. f3 Bg7 7. Be3 O-O 8. Bc4
Nc6 9. Qd2 Bd7 10. O-O-O Rc8 11. Bh6 Nxd4 12. Bxg7 Nxf3 13. gxf3 Kxg7 14. Bb3
Qa5 15. Kb1 b5 16. Rdg1 b4 17. Nd5 Nxd5 18. Bxd5 Rc5 19. h4 b3 20. Qxa5 bxc2+
21. Kc1 Rxa5 22. Kxc2 Be6 23. Bxe6 fxe6 24. Rh3 Rxa2 25. h5 e5 26. hxg6 hxg6
27. Rgh1 Ra6 28. Rh7+ Kf6 29. Rh8 Rxh8 30. Rxh8 Rb6 31. Ra8 Rb7 32. Kc3 Rc7+
33. Kb4 Rb7+ 34. Kc3 Kg5 35. b4 Kf4 36. Rf8+ Ke3 37. Kc4 Rc7+ 38. Kb5 Kd3 39.
Ka6 Kc4 40. b5 Rc5 41. Rb8 Kb4 42. Rb7 g5 43. Rxe7 Rxb5 1/2-1/2

[Event "Ïåðâåíñòâî Ìîñêâû ïî øàõìàòàì"]
[Site "Ìîñêâà, ÌÃÈÌÎ ïð. Âåðíàäñêîãî,"]
[Date "2018.11.21"]
[Round "5.21"]
[White "Kondrashev, Kirill"]
[Black "Kotelnikov, Konstantin"]
[Result "1/2-1/2"]
[WhiteElo "1523"]
[BlackElo "1370"]
[PlyCount "76"]
[EventDate "2018.11.18"]

1. e4 e6 2. d4 d5 3. Nd2 Nf6 4. e5 Nfd7 5. Bd3 c5 6. c3 Nc6 7. Ne2 cxd4 8. cxd4
Qb6 9. Nf3 f6 10. exf6 Nxf6 11. O-O Bd6 12. b3 O-O 13. Bg5 e5 14. dxe5 Nxe5 15.
Nxe5 Bxe5 16. Bxf6 Rxf6 17. Rc1 Bg4 18. Qc2 g6 19. Qc5 Qxc5 20. Rxc5 Rd8 21. h3
Bf5 22. Bxf5 Rxf5 23. g4 Rf7 24. Kg2 Bc7 25. Rc3 Bb6 26. Rd3 Re7 27. Ng3 d4 28.
Rfd1 Rde8 29. f3 Re3 30. Ne4 Rxd3 31. Rxd3 Rc8 32. Rd2 Rc6 33. Kg3 Kg7 34. h4
Re6 35. Kg2 Re7 36. Kg3 Re6 37. Kg2 Re7 38. Kg3 Re6 1/2-1/2

[Event "Ïåðâåíñòâî Ìîñêâû ïî øàõìàòàì"]
[Site "Ìîñêâà, ÌÃÈÌÎ ïð. Âåðíàäñêîãî,"]
[Date "2018.11.21"]
[Round "5.22"]
[White "Korolev, Nikolay"]
[Black "Novikov, Fedor"]
[Result "1-0"]
[WhiteElo "1639"]
[BlackElo "1432"]
[PlyCount "69"]
[EventDate "2018.11.18"]

1. e4 e5 2. Nf3 d6 3. d4 exd4 4. Nxd4 Nf6 5. Nc3 Be7 6. Bf4 O-O 7. Qd2 Re8 8.
O-O-O Bf8 9. f3 a6 10. g4 b5 11. h4 c5 12. Nf5 Bxf5 13. gxf5 b4 14. Nd5 Nh5 15.
Be3 Nc6 16. Rg1 Ne5 17. Be2 Nc6 18. Rg5 Nf6 19. Rdg1 Ne5 20. Nxf6+ Qxf6 21.
Rxg7+ Qxg7 22. Rxg7+ Bxg7 23. Bh6 Bf6 24. Bg5 Bxg5 25. Qxg5+ Kh8 26. h5 Nd7 27.
h6 Rg8 28. Qe7 Rg1+ 29. Kd2 Ne5 30. f4 Nc6 31. Qb7 Rb8 32. Qxc6 Rh1 33. Qc7 Rf8
34. Qe7 Rc8 35. Qf6+ 1-0

[Event "Ïåðâåíñòâî Ìîñêâû ïî øàõìàòàì"]
[Site "Ìîñêâà, ÌÃÈÌÎ ïð. Âåðíàäñêîãî,"]
[Date "2018.11.22"]
[Round "6.1"]
[White "Kolesov, Gordey"]
[Black "Amirdzhanyan, Vladimir"]
[Result "1-0"]
[WhiteElo "1823"]
[BlackElo "1601"]
[PlyCount "55"]
[EventDate "2018.11.18"]

1. d4 d6 2. Nf3 g6 3. Bf4 Nd7 4. e3 Bg7 5. Be2 e5 6. Bg3 Ne7 7. h3 O-O 8. O-O
e4 9. Nfd2 f5 10. c4 g5 11. Bh2 Nf6 12. Nc3 Ng6 13. f3 exf3 14. Bxf3 Re8 15. e4
Nh4 16. e5 Nxf3+ 17. Nxf3 Ne4 18. Qc2 Nxc3 19. Qxc3 g4 20. hxg4 fxg4 21. Nd2
dxe5 22. Bxe5 Qe7 23. Ne4 Bxe5 24. dxe5 Kh8 25. e6+ Qg7 26. Qxg7+ Kxg7 27. Rf7+
Kh8 28. Nf6 1-0

[Event "Ïåðâåíñòâî Ìîñêâû ïî øàõìàòàì"]
[Site "Ìîñêâà, ÌÃÈÌÎ ïð. Âåðíàäñêîãî,"]
[Date "2018.11.22"]
[Round "6.2"]
[White "Osipenko, Ivan"]
[Black "Pugach, Gleb"]
[Result "1/2-1/2"]
[WhiteElo "1638"]
[BlackElo "1548"]
[PlyCount "183"]
[EventDate "2018.11.18"]

1. d4 c5 2. e3 g6 3. Nf3 Bg7 4. Bd3 Nf6 5. O-O cxd4 6. exd4 O-O 7. c3 d5 8. Re1
Nc6 9. Bf4 Bf5 10. Qc2 Bxd3 11. Qxd3 e6 12. Nbd2 a6 13. a4 Qd7 14. h3 b6 15.
Ne5 Nxe5 16. Bxe5 b5 17. axb5 axb5 18. b4 Qb7 19. Nb3 Ne4 20. Bxg7 Kxg7 21. Nc5
Nxc5 22. bxc5 b4 23. cxb4 Qxb4 24. Rab1 Qa4 25. Rb7 Rab8 26. Rxb8 Rxb8 27. Qg3
Rb4 28. Qe5+ Kg8 29. Rc1 Qa3 30. Qe3 Qxe3 31. fxe3 Kf8 32. Kf2 Ke7 33. Kf3 f6
34. Rd1 g5 35. g3 h5 36. g4 h4 37. Ra1 Rb7 38. Ra3 Rc7 39. Ra8 e5 40. Rh8 Ke6
41. Re8+ Kd7 42. Rb8 Ra7 43. Rb2 Ra3 44. dxe5 fxe5 45. Kf2 Rc3 46. Rb7+ Kc6 47.
Re7 Rc2+ 48. Ke1 e4 49. Re5 Rh2 50. Rxg5 Rxh3 51. Ke2 Rh2+ 52. Kf1 Kxc5 53. Rh5
Kc4 54. g5 Rh3 55. Ke2 Rg3 56. Rxh4 Rxg5 57. Rh2 Rg6 58. Rh8 Rg2+ 59. Kf1 Rd2
60. Rd8 Kd3 61. Rxd5+ Kxe3 62. Re5 Rd1+ 63. Kg2 Kd3 64. Kf2 Rd2+ 65. Ke1 Ra2
66. Re8 Ke3 67. Kf1 Ra1+ 68. Kg2 Re1 69. Re7 Kd2 70. Ra7 Rc1 71. Ra2+ Rc2 72.
Ra1 e3 73. Kf1 Rc5 74. Ra2+ Kd3 75. Ra3+ Ke4 76. Ke2 Rc2+ 77. Kd1 Rf2 78. Ra8
Rd2+ 79. Ke1 Rd5 80. Re8+ Kd3 81. Re7 Rf5 82. Rd7+ Ke4 83. Re7+ Kf3 84. Re6 Rh5
85. Rf6+ Ke4 86. Re6+ Kd4 87. Rd6+ Ke5 88. Rd8 Rf5 89. Re8+ Kf4 90. Ke2 Rh5 91.
Rxe3 Rh2+ 92. Kd3 1/2-1/2

[Event "Ïåðâåíñòâî Ìîñêâû ïî øàõìàòàì"]
[Site "Ìîñêâà, ÌÃÈÌÎ ïð. Âåðíàäñêîãî,"]
[Date "2018.11.22"]
[Round "6.3"]
[White "Anisimov, Yuri"]
[Black "Israfilov, Ali"]
[Result "1/2-1/2"]
[WhiteElo "1607"]
[BlackElo "1904"]
[PlyCount "85"]
[EventDate "2018.11.18"]

1. d4 d6 2. c4 g6 3. Nc3 Bg7 4. e4 Nf6 5. Be2 O-O 6. Be3 a6 7. g4 c5 8. g5 Ng4
9. Bxg4 cxd4 10. Bxd4 Bxd4 11. Qxd4 Bxg4 12. b3 Nc6 13. Qe3 Qa5 14. f3 Be6 15.
Nge2 Rac8 16. O-O Qc5 17. Qxc5 dxc5 18. Rad1 Rfd8 19. Nd5 Kf8 20. Ndf4 Bd7 21.
Kf2 Ne5 22. Rd5 Nc6 23. Rfd1 Ke8 24. Ke3 e6 25. R5d2 Ne5 26. Nd3 Nxd3 27. Rxd3
Bc6 28. Rxd8+ Rxd8 29. Rxd8+ Kxd8 30. Nf4 Ke7 31. Nd3 b6 32. e5 a5 33. a4 Kf8
34. Nf2 Kg7 35. Ng4 Kg8 36. h4 Kg7 37. Nf6 h5 38. Ne4 Bxe4 39. Kxe4 Kf8 40. f4
Ke7 41. Ke3 Kd7 42. Ke4 Kc6 43. Ke3 1/2-1/2

[Event "Ïåðâåíñòâî Ìîñêâû ïî øàõìàòàì"]
[Site "Ìîñêâà, ÌÃÈÌÎ ïð. Âåðíàäñêîãî,"]
[Date "2018.11.22"]
[Round "6.4"]
[White "Krivenko, Dmitry"]
[Black "Kishiev, Famil"]
[Result "1-0"]
[WhiteElo "1887"]
[BlackElo "1313"]
[PlyCount "69"]
[EventDate "2018.11.18"]

1. e4 d5 2. exd5 Nf6 3. d4 Nxd5 4. c4 Nb6 5. Nf3 g6 6. Nc3 Bg7 7. c5 Nd5 8. Bc4
e6 9. Qb3 c6 10. Ne4 O-O 11. O-O Nd7 12. Bg5 Qc7 13. Bh4 N7f6 14. Nd6 Ne8 15.
Bg3 Qd7 16. Rfe1 b5 17. Bf1 Nxd6 18. Bxd6 Re8 19. Ne5 Bxe5 20. Rxe5 f6 21. Re4
a5 22. h4 a4 23. Qg3 Ne7 24. Qc3 Nd5 25. Qf3 Qf7 26. Rae1 Bd7 27. g3 f5 28. Re5
h5 29. Bg2 Ne7 30. Qf4 Nc8 31. R5e3 Nxd6 32. Qxd6 Rac8 33. b3 axb3 34. axb3 Qf8
35. Qxd7 1-0

[Event "Ïåðâåíñòâî Ìîñêâû ïî øàõìàòàì"]
[Site "Ìîñêâà, ÌÃÈÌÎ ïð. Âåðíàäñêîãî,"]
[Date "2018.11.22"]
[Round "6.5"]
[White "Godzhurov, Lidzhi"]
[Black "Andreev, Konstantin"]
[Result "1-0"]
[WhiteElo "1790"]
[BlackElo "1589"]
[PlyCount "59"]
[EventDate "2018.11.18"]

1. d4 d5 2. Nf3 Nf6 3. g3 c6 4. Bg2 e6 5. c4 dxc4 6. O-O b5 7. Ne5 Bb7 8. a4 a6
9. Nc3 Qb6 10. e4 Qc7 11. Bf4 Qd8 12. d5 cxd5 13. exd5 exd5 14. axb5 Be7 15.
Nxc4 axb5 16. Nxb5 O-O 17. Ne5 Qb6 18. Rxa8 Bxa8 19. Nd4 Bb7 20. Nf5 Bc5 21.
Qd2 Ne4 22. Bxe4 dxe4 23. Be3 Re8 24. Qc3 Bxe3 25. Nxe3 Qe6 26. Rd1 h6 27. N5c4
Nc6 28. b4 Ne7 29. Nd6 Nd5 30. Rxd5 1-0

[Event "Ïåðâåíñòâî Ìîñêâû ïî øàõìàòàì"]
[Site "Ìîñêâà, ÌÃÈÌÎ ïð. Âåðíàäñêîãî,"]
[Date "2018.11.22"]
[Round "6.6"]
[White "Urivskiy, Arseniy A"]
[Black "Korolev, Kirill O"]
[Result "0-1"]
[WhiteElo "1234"]
[BlackElo "1505"]
[PlyCount "80"]
[EventDate "2018.11.18"]

1. e4 c5 2. c3 g6 3. d4 cxd4 4. cxd4 d5 5. e5 Nc6 6. Be3 Bg7 7. f4 e6 8. Nf3
Nge7 9. Nc3 Nf5 10. Qd2 Qb6 11. b3 O-O 12. Be2 Nb4 13. Bf2 Bd7 14. O-O Rfc8 15.
a3 Nc6 16. b4 Nce7 17. Rac1 Rc7 18. Bd3 Rac8 19. Ne2 a6 20. Rxc7 Rxc7 21. Rc1
Rxc1+ 22. Qxc1 Bb5 23. Qc2 h5 24. g3 Nc6 25. Kf1 Bf8 26. Qc3 Kg7 27. Nc1 a5 28.
bxa5 Nxa5 29. Nd2 Qa6 30. Ke2 Nc6 31. Nb1 Na5 32. Kf3 Nc4 33. Bxc4 Bxc4 34. h3
Qa4 35. Kg2 Qd1 36. Be3 Qf1+ 37. Kh2 Qd1 38. Kg2 Nxe3+ 39. Qxe3 Qc2+ 40. Nd2
Qxc1 0-1

[Event "Ïåðâåíñòâî Ìîñêâû ïî øàõìàòàì"]
[Site "Ìîñêâà, ÌÃÈÌÎ ïð. Âåðíàäñêîãî,"]
[Date "2018.11.22"]
[Round "6.7"]
[White "Maranin, Sergey"]
[Black "Matygin, Fedor"]
[Result "1-0"]
[WhiteElo "1370"]
[BlackElo "1242"]
[PlyCount "39"]
[EventDate "2018.11.18"]

1. d4 d6 2. c4 Nf6 3. Nf3 Bg4 4. Qb3 Bxf3 5. exf3 b6 6. Nc3 Nbd7 7. Be3 e6 8.
O-O-O Be7 9. Bd3 O-O 10. Bb1 c6 11. Qc2 c5 12. g4 cxd4 13. Bxd4 g6 14. h4 h5
15. Rdg1 Ne5 16. Bxe5 dxe5 17. gxh5 Nxh5 18. Rxg6+ fxg6 19. Qxg6+ Kh8 20. Qh7#
1-0

[Event "Ïåðâåíñòâî Ìîñêâû ïî øàõìàòàì"]
[Site "Ìîñêâà, ÌÃÈÌÎ ïð. Âåðíàäñêîãî,"]
[Date "2018.11.22"]
[Round "6.8"]
[White "Azimov, Timur"]
[Black "Isaykin, Valery"]
[Result "0-1"]
[WhiteElo "1408"]
[BlackElo "1417"]
[PlyCount "76"]
[EventDate "2018.11.18"]

1. e4 c6 2. d4 d5 3. Nc3 dxe4 4. Nxe4 Bf5 5. Ng3 Bg6 6. Nf3 Nd7 7. c3 e6 8. Bd3
Ngf6 9. O-O Bd6 10. Bg5 Bxd3 11. Qxd3 h6 12. Bd2 Bxg3 13. fxg3 O-O 14. Qc2 Qb6
15. Kh1 Rad8 16. Bf4 Nd5 17. Bd2 c5 18. c4 Nb4 19. Qc3 a5 20. a3 cxd4 21. Nxd4
Nc6 22. Be3 Qc7 23. Nxc6 Qxc6 24. Bd4 f6 25. Qc2 Nc5 26. Be3 Ne4 27. Rf4 f5 28.
Rff1 Rd7 29. Rad1 Rfd8 30. Rxd7 Qxd7 31. Re1 Qd3 32. Qa4 b5 33. Qxa5 bxc4 34.
Qb4 c3 35. Bb6 Qd1 36. Rg1 c2 37. Qc4 c1=Q 38. Qxc1 Nxg3+ 0-1

[Event "Ïåðâåíñòâî Ìîñêâû ïî øàõìàòàì"]
[Site "Ìîñêâà, ÌÃÈÌÎ ïð. Âåðíàäñêîãî,"]
[Date "2018.11.22"]
[Round "6.9"]
[White "Kalashnikov, Mikhail"]
[Black "Sokolov, Egor"]
[Result "1/2-1/2"]
[WhiteElo "1252"]
[BlackElo "1429"]
[PlyCount "93"]
[EventDate "2018.11.18"]

1. e4 e5 2. Nf3 Nc6 3. Bc4 Bc5 4. c3 Nf6 5. d3 a6 6. Bb3 O-O 7. Nbd2 d5 8. Qe2
Be6 9. O-O dxe4 10. dxe4 Bxb3 11. axb3 Qd7 12. b4 Ba7 13. Nc4 Qg4 14. Re1 Rad8
15. Bg5 Kh8 16. h3 Qh5 17. Na5 Nxa5 18. Rxa5 h6 19. Be3 Bxe3 20. Qxe3 Rfe8 21.
Rea1 Rd6 22. c4 Red8 23. Nxe5 b6 24. g4 Qh4 25. Nxf7+ Kg8 26. Nxd6 bxa5 27. Nf5
Qg5 28. f4 Nxg4 29. fxg5 Nxe3 30. Nxe3 axb4 31. gxh6 gxh6 32. Rxa6 Rd3 33. Nf5
Rxh3 34. Rxh6 Rb3 35. Rc6 Rxb2 36. Rxc7 Re2 37. Nd6 b3 38. Kf1 b2 39. Rb7 Rc2
40. c5 Rc1+ 41. Ke2 b1=Q 42. Rxb1 Rxb1 43. Kd3 Kf8 44. Kd4 Ke7 45. Ke5 Kd7 46.
Kf5 Kc6 47. e5 1/2-1/2

[Event "Ïåðâåíñòâî Ìîñêâû ïî øàõìàòàì"]
[Site "Ìîñêâà, ÌÃÈÌÎ ïð. Âåðíàäñêîãî,"]
[Date "2018.11.22"]
[Round "6.10"]
[White "Sepiashvili, Ivan"]
[Black "Kolobov, Dmitriy"]
[Result "1-0"]
[WhiteElo "1636"]
[BlackElo "1484"]
[PlyCount "87"]
[EventDate "2018.11.18"]

1. e4 e5 2. Nf3 Nc6 3. Bb5 a6 4. Ba4 Nf6 5. d3 b5 6. Bb3 Bb7 7. c3 Be7 8. O-O
O-O 9. Nbd2 d6 10. Re1 Na5 11. Bc2 c5 12. d4 Qc7 13. d5 Bc8 14. Nf1 Nb7 15. Ng3
c4 16. Nh4 g6 17. Nf3 Re8 18. Bh6 Nc5 19. Qd2 Nfd7 20. Ng5 Nf6 21. h3 Bf8 22.
Nf3 Bg7 23. Bxg7 Kxg7 24. Nh2 Ncd7 25. Rf1 Qb6 26. Kh1 Bb7 27. Qg5 Kh8 28. Rae1
Qd8 29. Qd2 Rf8 30. f4 Qe7 31. f5 Ng8 32. Ng4 Ndf6 33. Nxf6 Nxf6 34. Qg5 Rae8
35. Kh2 Qd8 36. h4 Bc8 37. Bd1 Bd7 38. Rf2 Qe7 39. Ref1 Ng8 40. f6 Qd8 41. Qd2
Qc7 42. h5 Ra8 43. hxg6 hxg6 44. Rh1 1-0

[Event "Ïåðâåíñòâî Ìîñêâû ïî øàõìàòàì"]
[Site "Ìîñêâà, ÌÃÈÌÎ ïð. Âåðíàäñêîãî,"]
[Date "2018.11.22"]
[Round "6.11"]
[White "Tarasov, Lev"]
[Black "Yusupov, Ilya"]
[Result "1/2-1/2"]
[WhiteElo "1323"]
[BlackElo "1461"]
[PlyCount "80"]
[EventDate "2018.11.18"]

1. d4 d5 2. Nf3 Nf6 3. c4 e6 4. e3 c6 5. Nbd2 Nbd7 6. Bd3 Bd6 7. O-O O-O 8. e4
dxe4 9. Nxe4 Nxe4 10. Bxe4 Qc7 11. Bc2 Re8 12. Ng5 Nf8 13. f4 c5 14. Rf3 cxd4
15. Rh3 h6 16. Ne4 f5 17. Nxd6 Qxd6 18. Rd3 e5 19. fxe5 Qxe5 20. Rxd4 Qc5 21.
Kh1 b6 22. b3 Bb7 23. Bb2 Qc6 24. Qf1 Rad8 25. Rxd8 Rxd8 26. Rd1 Rxd1 27. Bxd1
Qe6 28. h3 Qe3 29. Bf3 Be4 30. Bxe4 Qxe4 31. Qc1 Ne6 32. Qc3 Kf7 33. a3 Qf4 34.
b4 h5 35. c5 h4 36. c6 Ke7 37. Qd3 Qd6 38. Qxf5 Qxc6 39. Qg6 Kf8 40. Bxg7+ Ke7
1/2-1/2

[Event "Ïåðâåíñòâî Ìîñêâû ïî øàõìàòàì"]
[Site "Ìîñêâà, ÌÃÈÌÎ ïð. Âåðíàäñêîãî,"]
[Date "2018.11.22"]
[Round "6.12"]
[White "Savichev, Ivan"]
[Black "Asatryan, Leon"]
[Result "1-0"]
[WhiteElo "1453"]
[BlackElo "1618"]
[PlyCount "77"]
[EventDate "2018.11.18"]

1. e4 e6 2. d4 d5 3. Nd2 c5 4. exd5 exd5 5. Ngf3 c4 6. Be2 Nc6 7. O-O Bd6 8.
Re1 Nge7 9. c3 Qa5 10. Bf1 O-O 11. Ne5 Ng6 12. Ndf3 Bg4 13. Nxg4 b5 14. Nge5
Rac8 15. Nxc6 Rxc6 16. Ne5 Rc7 17. a3 Re7 18. f4 Rfe8 19. Qe2 Qb6 20. Qf2 f6
21. Nf3 Nxf4 22. g3 Rxe1 23. Nxe1 Ng6 24. Bd2 a5 25. Nc2 Qb7 26. Re1 Rd8 27.
Bg2 Bf8 28. Ne3 Ne7 29. Rb1 a4 30. Re1 Qd7 31. Qf3 Kf7 32. h4 Kg8 33. Kh2 f5
34. Rf1 g6 35. Be1 Bh6 36. Bd2 Kg7 37. Rf2 Kh8 38. Nxc4 dxc4 39. Bxh6 1-0

[Event "Ïåðâåíñòâî Ìîñêâû ïî øàõìàòàì"]
[Site "Ìîñêâà, ÌÃÈÌÎ ïð. Âåðíàäñêîãî,"]
[Date "2018.11.22"]
[Round "6.13"]
[White "Dneprov, Andrey"]
[Black "Zatsepin, Egor"]
[Result "1/2-1/2"]
[WhiteElo "1344"]
[BlackElo "1191"]
[PlyCount "81"]
[EventDate "2018.11.18"]

1. c4 Nf6 2. d4 g6 3. Nc3 d5 4. cxd5 Nxd5 5. e4 Nxc3 6. bxc3 Bg7 7. Nf3 c5 8.
Bb2 Bg4 9. Bb5+ Nd7 10. O-O a6 11. Bc4 O-O 12. h3 Bxf3 13. Qxf3 Qc7 14. Rac1
Qb6 15. Ba3 Qa5 16. Bb2 Rad8 17. e5 b5 18. Bd5 e6 19. Be4 Qxa2 20. Qe2 Qa5 21.
h4 h5 22. g4 f5 23. exf6 Rxf6 24. gxh5 Qc7 25. f4 Rdf8 26. Bxg6 Rxf4 27. Qxe6+
Kh8 28. Rxf4 Qxf4 29. Qxd7 Qg3+ 30. Kh1 Rf2 31. Qe8+ Bf8 32. Qe5+ Qxe5 33. dxe5
Rxb2 34. Rf1 Be7 35. Rf7 Bxh4 36. h6 Rf2 37. Ra7 Rf8 38. Rh7+ Kg8 39. Rg7+ Kh8
40. Rh7+ Kg8 41. Rg7+ 1/2-1/2

[Event "Ïåðâåíñòâî Ìîñêâû ïî øàõìàòàì"]
[Site "Ìîñêâà, ÌÃÈÌÎ ïð. Âåðíàäñêîãî,"]
[Date "2018.11.22"]
[Round "6.14"]
[White "Grunin, Denis"]
[Black "Kropachev, Mikhail"]
[Result "0-1"]
[WhiteElo "1415"]
[BlackElo "1332"]
[PlyCount "120"]
[EventDate "2018.11.18"]

1. d4 d5 2. c4 c6 3. Nf3 dxc4 4. g3 Nf6 5. Bg2 e6 6. Ne5 c5 7. Qa4+ Nbd7 8.
Nxc4 cxd4 9. Na5 Qb6 10. O-O Bc5 11. Nc4 Qd8 12. Na5 Qc7 13. b4 Bd6 14. Na3 a6
15. N3c4 Rb8 16. Nxd6+ Qxd6 17. Bf4 e5 18. Nc4 Qe7 19. Bxe5 b5 20. Nd6+ Qxd6
21. Bxd6 bxa4 22. Rac1 Kd8 23. Bxb8 Nxb8 24. Rc4 Re8 25. Rxd4+ Bd7 26. Rd6 Re6
27. Rxe6 Bxe6 28. a3 Kc7 29. Rc1+ Kd6 30. Rd1+ Kc7 31. Rc1+ Kb6 32. Rc5 h6 33.
Kf1 Ne8 34. Bd5 Bxd5 35. Rxd5 Nc7 36. Rd6+ Kb7 37. e4 Nb5 38. Rd3 f6 39. f4 Nc6
40. Ke2 Ncd4+ 41. Kd2 Nb3+ 42. Kd1 Nxa3 43. e5 fxe5 44. fxe5 Nc4 45. e6 a3 46.
e7 a2 47. e8=Q a1=Q+ 48. Ke2 Nc1+ 49. Kf3 Ne5+ 50. Ke4 Ncxd3 51. Qe7+ Kb6 52.
Qd6+ Kb5 53. Qd5+ Kxb4 54. Qb7+ Kc3 55. Qc7+ Kd2 56. Qb6 Qa4+ 57. Kd5 Qc4+ 58.
Kd6 Qc6+ 59. Qxc6 Nxc6 60. Kxc6 Ke3 0-1

[Event "Ïåðâåíñòâî Ìîñêâû ïî øàõìàòàì"]
[Site "Ìîñêâà, ÌÃÈÌÎ ïð. Âåðíàäñêîãî,"]
[Date "2018.11.22"]
[Round "6.15"]
[White "Avetisyan, David"]
[Black "Voronin, Nikita"]
[Result "1/2-1/2"]
[WhiteElo "1254"]
[BlackElo "1358"]
[PlyCount "77"]
[EventDate "2018.11.18"]

1. c4 e5 2. Nc3 Bb4 3. e4 Bxc3 4. bxc3 c5 5. Nf3 d6 6. d4 Nc6 7. Be2 Nf6 8. d5
Ne7 9. Bd3 Ng6 10. h3 h6 11. O-O O-O 12. Kh2 Qe7 13. Ng1 Nf4 14. Ne2 N6h5 15.
Nxf4 Nxf4 16. Bxf4 exf4 17. Qf3 Qe5 18. Rac1 Bd7 19. g3 fxg3+ 20. fxg3 h5 21.
Kg2 Qg5 22. Rc2 g6 23. Rcf2 Rad8 24. Qe2 Kg7 25. Rf4 Be8 26. Re1 Rh8 27. Qe3
Qe5 28. Bb1 Bd7 29. Qf2 Be8 30. Rf3 a5 31. Rf1 a4 32. Bc2 a3 33. h4 Rb8 34. Ba4
Bxa4 35. Rxf7+ Kg8 36. Rf8+ Kh7 37. Rf7+ Kg8 38. Rf8+ Kh7 39. Rf7+ 1/2-1/2